Journal of computational optimization in economics and finance

Bibliographic Details
Format: Electronic Journal
Language:English
Published: Hauppauge, NY : Nova Science Publishers
Subjects:
Online Access:Full text available from Research Library: 01/01/2011 to 09/30/2014

MARC

LEADER 00000nas a2200000 a 4500
001 ssj0001454291
003 WaSeSS
005 20200512172242.0
006 m d
007 cr n
008 080213c20089999nyuqr p s 0 a0eng c
010 |a  2008213012 
022 |l 1941-3971  |y 1941-3971 
035 |a (WaSeSS)ssj0001454291 
037 |b Nova Science Publishers, Inc., 400 Oser Avenue, Suite 1600, Hauppauge, NY 11788-3619  |c $55.00 
040 |a NSD  |b eng  |c NSD  |d DLC  |d OCLCQ  |d OCLCF  |d OCLCO  |d AU@  |d WaSeSS 
042 |a pcc  |a nsdp 
050 0 0 |a HG106  |b .J68 
082 1 0 |a 332  |2 14 
222 0 |a Journal of computational optimization in economics and finance 
245 0 0 |a Journal of computational optimization in economics and finance  |h [electronic resource]. 
246 1 3 |a Computational optimization in economics and finance 
246 1 3 |a JCOEF 
260 |a Hauppauge, NY :  |b Nova Science Publishers 
310 |a Quarterly 
362 1 |a Began with vol. 1, issue 1 (2008). 
506 |a License restrictions may limit access. 
588 |a Description based on: Vol. 1, issue 1 (2008); title from cover. 
650 0 |a Finance  |x Mathematical models  |v Periodicals. 
650 0 |a Econometric models  |v Periodicals. 
650 0 |a Economics  |v Periodicals. 
650 0 |a Finance  |v Periodicals. 
650 7 |a Econometric models.  |2 fast  |0 (OCoLC)fst00901567 
650 7 |a Economics.  |2 fast  |0 (OCoLC)fst00902116 
650 7 |a Finance.  |2 fast  |0 (OCoLC)fst00924349 
650 7 |a Finance  |x Mathematical models.  |2 fast  |0 (OCoLC)fst00924398 
655 0 |a Electronic journals. 
850 |a DLC 
856 4 0 |z Full text available from Research Library: 01/01/2011 to 09/30/2014  |u https://search.proquest.com/publication/2034847